000 00837cam a2200217 i 4500
001 000000973
005 20200929145445.0
008 750806s1976 xxu b 001 0 eng
020 _a0231039328
040 _aDO-SdBNP
_bspa
_cBNPHU
082 _a320.95201
_aC182i
100 1 _aCameron Hurst, G.
_d1941-
_93418
245 1 0 _aInsei :
_babdicated sovereigns in the politics of late Heian Japan, 1086-1185 /
_cG. Cameron Hurst III.
260 _aNew York :
_bColumbia University Press,
_c1976.
300 _axii, 337 p. ;
_c23 cm.
500 _aOriginalmente presentado como tesis del autor, la Universidad de Columbia
504 _aBibliografía: p. 319-328.
500 _aIncluye referencias bibliográficas y notas al pie de las páginas
651 4 _aJapón
_xPolítica Y Gobierno
_y794-1185.
_93419
650 4 _aEmperadores
_zJapón
_93420
999 _c960
_d960